000 00473nam a22001697a 4500
005 20260317115440.0
008 260317b |||||||| |||| 00| 0 eng d
020 _a9780415425681
050 _aPN1993.5.A35
_b.W66
100 _aBisschoff Lizelle
245 _awomen in African Cinema Beyond the Body Politic
260 _aNew-York
_broutledge
_c2020
300 _axvii,240p.
650 _amotion pictures Africa history
700 _a2. Van de Peer Stefanic
942 _cBK
999 _c4623
_d4623